Quelle ville de l'Hérault ? - Statistiques

Statistiques générales
  • Ce quiz a été pris 29 fois
  • Le résultat moyen est 10 sur 20
Statistiques - réponses
Quelle commune héraultaise... Lettre Ville % Correct
...voit son cap accueillir de nombreux touristes naturistes chaque été ? A Agde
96%
...comprend le quartier d'Antigone, à l'architecture inspirée de la Grèce antique ? M Montpellier
96%
...est notamment célèbre pour ses canaux, ses tielles et Georges Brassens ? S Sète
88%
...est la plus ancienne de France, fondée par les Grecs au VIIe siècle av. J.-C. ? B Béziers
73%
...est une immense station balnéaire aux immeubles en forme de pyramides ? (L) G La Grande-Motte
73%
...est célèbre pour son muscat dont Héraclès se serait délecté, selon la légende ? F Frontignan
62%
...aurait été fondée par les Phocéens au -VIe siècle, comme sa quasi-homonyme du 13 ? M Marseillan
62%
...est le lieu de captation de l'eau qui "a mis le Sud en bouteille, pas le sel" ? (L) S La Salvetat-sur-Agout
54%
...se blasonne d'azur au croissant d'argent surmonté d'une étoile d'or ? L Lunel
54%
...abrite l'ancienne cathédrale Saint-Fulcran et sa cité épiscopale ? L Lodève
50%
...est un Plus Beau Village nommé en l'honneur de la déesse romaine de la sagesse ? M Minerve
46%
...dispose d'un "port-canal" construit directement sur l'embouchure du Lez ? P Palavas-les-Flots
35%
...accueillit Molière et son Illustre Théâtre à plusieurs reprises dans les années 1650 ? P Pézenas
35%
...abrite le studio d'Ubisoft à l'origine de Rayman, les Lapins crétins, ZombiU,...? C Castelnau-le-Lez
27%
...abrite le Versailles du Languedoc, où vécut celui qui nomme la capitale saint-lucienne ? C Castries
27%
...se situe sur une voie de Compostelle, dans une zone autrefois déserte ? S Saint-Guilhem-le-Désert
23%
...abrite le château des Guilhem et le lac du Salagou, qui la noya en partie à sa création ? C Clermont-l'Hérault
19%
...dispose d'un énorme pont autoroutier permettant d'enjamber la vallée de l’Hérault ? G Gignac
19%
...est la plus grande ville du Piémont des massifs du Caroux et de l'Espinouse ? B Bédarieux
12%
...est dominée par un couvent et considérée comme la porte Sud des Cévennes ? G Ganges
12%
Aucun quiz correspondant
Distribution des résultats
% des personnes avec chaque résultat
Percentile par nombre de réponses
Votre historique - résultats
Vous n’avez pas pris ce quiz